Essential mathematics toolbox

Tallennettuna:
Bibliografiset tiedot
Aineistotyyppi: Kirja
Kieli:Undetermined
Julkaistu: Cambridge Cambridge Universuty Press 2002
Aiheet:
Tagit: Lisää tagi
Ei tageja, Lisää ensimmäinen tagi!
Thư viện lưu trữ: Trung tâm Học liệu Trường Đại học Cần Thơ
LEADER 00507nam a2200181Ia 4500
001 CTU_102637
008 210402s9999 xx 000 0 und d
020 |c 101.73 
082 |a 513 
082 |b E78 
245 0 |a Essential mathematics toolbox 
245 0 |c Michael Evans, David Greenwood, Peter Jones,...[et al.] 
260 |a Cambridge 
260 |b Cambridge Universuty Press 
260 |c 2002 
650 |a Mathematics 
904 |i M.Loan 
980 |a Trung tâm Học liệu Trường Đại học Cần Thơ